| 000 | 00000cam 2200000zi 4500 |
| 001 | 9.963108 |
| 003 | CaOODSP |
| 005 | 20260601172301 |
| 006 | m o d f |
| 007 | cr |n||||||||| |
| 008 | 260527t20202020oncab ob f000 0 eng d |
| 040 | |aCaOODSP|beng|erda|cCaOODSP |
| 041 | |aeng|beng|bfre |
| 043 | |an-cn-yk|au-at-nt |
| 086 | 1 |aM183-2/8657E-PDF |
| 100 | 1 |aDuchesne, M. J. |q(Mathieu J.)|eauthor. |
| 245 | 10|aShallow seismic reflection mapping of the Mackenzie Trough, Beaufort Sea, offshore Yukon and Northwest Territories / |cM.J. Duchesne, V.I. Brake, M. Claprood, E. Vosoughi, G. Huot-Vézina, S.G. Kang, U. Jang, Y.K. Jin, E.L. King, M.M. Côté, and S.R. Dallimore. |
| 264 | 1|a[Ottawa] : |bGeological Survey of Canada, |c2020. |
| 264 | 4|c©2020 |
| 300 | |a1 online resource (19 pages) : |bmaps, figures. |
| 336 | |atext|btxt|2rdacontent |
| 337 | |acomputer|bc|2rdamedia |
| 338 | |aonline resource|bcr|2rdacarrier |
| 490 | 1 |aOpen file ; |v8657 |
| 504 | |aIncludes bibliographical references (pages 6-7). |
| 546 | |aIncludes abstracts in English and French. |
| 650 | 0|aGeological mapping|zMackenzie Trough. |
| 650 | 0|aSeismic reflection method. |
| 650 | 6|aCartographie géologique|zCanada (Nord) |
| 650 | 6|aMéthode sismique-réflexion. |
| 710 | 2 |aGeological Survey of Canada, |eissuing body. |
| 830 | #0|aOpen file (Geological Survey of Canada)|v8657.|w(CaOODSP)9.506878 |
| 856 | 40|qPDF|s118 MB|uhttps://publications.gc.ca/collections/collection_2026/rncan-nrcan/m183-2/M183-2-8657-eng.pdf |
| 856 | 4 |qHTML|sN/A|uhttps://doi.org/10.4095/321488 |